000 00556cam a2200193ua 4500
001 391
005 20260515113146.0
008 110331n ii |||gr||||Z||||||eng
040 _cMAIN
082 _a320
245 1 1 _aShort treatise on political theory and modern constitution.
_cBy Chittatosh Ganguli.
250 _a3rd.
260 _aCalcutta.:
_bSarojini Devi.,967.
300 _av, 176 p.:5 cm.
653 _aPolitical science.
653 _aShort treatise on political theory and modern constitution
700 _aGanguli, Chittatosh.,
942 _cBK
999 _c337
_d337